Jottings of an invalid in search of health (Record no. 340473)

MARC details
000 -LEADER
fixed length control field 003630000a22001570004500
005 - DATE AND TIME OF LATEST TRANSACTION
control field 20120302052550.0
040 ## - CATALOGING SOURCE
Original cataloging agency ENG
100 ## - MAIN ENTRY--PERSONAL NAME
Personal name Cringle, Tom
245 ## - TITLE STATEMENT
Title Jottings of an invalid in search of health
260 ## - PUBLICATION, DISTRIBUTION, ETC. (IMPRINT)
Place of publication, distribution, etc Mumbai:
Name of publisher, distributor, etc Times of India,
Date of publication, distribution, etc 1865
300 ## - PHYSICAL DESCRIPTION
Extent viii,273p
365 ## - TRADE PRICE
Price amount Rs.
650 ## - SUBJECT ADDED ENTRY--TOPICAL TERM
Topical term or geographic name as entry element Health
650 ## - SUBJECT ADDED ENTRY--TOPICAL TERM
Topical term or geographic name as entry element Search-Health
942 ## - ADDED ENTRY ELEMENTS (KOHA)
Koha item type Book
Holdings
Withdrawn status Lost status Damaged status Not for loan Home library Current library Date acquired Total Checkouts Barcode Date last seen Price effective from
        Institute For Oriental Study, Thane Institute For Oriental Study, Thane 12/02/2009   IOS-4715 12/02/2009 12/02/2009